| 000 | 00000nam##2200000za#4500 |
| 001 | 9.651519 |
| 003 | CaOODSP |
| 005 | 20210615115034 |
| 007 | ta |
| 008 | 150407|2009||||xxc||||| f|0| 0 eng|d |
| 020 | |a978-1-100-12102-4 |
| 040 | |aCaOODSP|beng |
| 043 | |an-cn--- |
| 086 | 1 |aM4-59/8-2009E |
| 110 | 1 |aCanada.|bNatural Resources Canada. |bEarth Sciences Sector. |
| 245 | 14|aThe 1929 "Grand Banks" earthquake and tsunami |
| 260 | |aSidney - British Columbia : |bNatural Resources Canada. |cc2009. |
| 300 | |a[2]p. : |bmaps, photographs ; |c28 cm. |
| 563 | |aProcessed |
| 590 | |a09-40|b2009-10-02 |
| 775 | 08|tLe séisme et le tsunami des Grands Bancs, en 1929 |w(CaOODSP)9.684543 |
| 776 | 0#|tThe 1929 "Grand Banks" earthquake and tsunami |w(CaOODSP)9.691989 |